Kirjaimen Z sisältävää maantiedettä - Statistics

Yleistilastot
  • Tätä visaa on pelattu 422 kertaa
  • Keskiarvotulos 12 / 20
Vastaustilastot
Vihje Vastaus % Oikein
Etelä-Amerikan pisin joki Amazon
92%
Välimeren ja Punaisenmeren yhdistävä kanava {Suezin} kanava
83%
Phoenix sijaitsee tässä Yhdysvaltain osavaltiossa Arizona
82%
Hyperinflaatiosta kärsinyt valtio Etelä-Amerikassa Venezuela
82%
Maailman suurin sisämaavaltio Kazakstan
79%
Ainoa Keski-Amerikan valtio, jossa englanti on virallinen kieli Belize
76%
Suuri Ranskan kaupunki lähellä Monacoa Nizza
76%
Yksi Palestiinan hallinnoimista alueista Gazan kaista
75%
Espanjalle kuuluva Välimeren saari, joka tunnetaan muun muassa tanssiklubeistaan Ibiza
69%
Saaristo noin 1360 kilometriä Portugalista länteen Azorit
67%
Vuosittain Formula 1 -osakilpailun järjestävä valtio Kaspianmeren rannalla Azerbaidžan
65%
Kaupunki Boliviassa ja Kanariansaarilla Santa {Cruz}
62%
Angkor Wat sijaitsee tässä valtiossa Kambodža
58%
Turkin kolmanneksi suurin kaupunki, jonka antiikin aikainen nimi oli Smyrna İzmir
47%
Filippiinien suurin ja väkirikkain saari Luzon
40%
Laaja metsittynyt vuoristoalue Baden-Württembergin osavaltiossa Saksassa {Schwarz}wald
35%
Aiemmin nimellä Gorki tunnettu yksi Venäjän suurimmista kaupungeista Nižni Novgorod
28%
Persianlahden ja Omaninlahden erottava salmi {Hormuzin}salmi
25%
Kanadan pisin joki Mackenzie
20%
Yli 10 miljoonan asukkaan kaupunki Hongkongin pohjoispuolella Shenzhen
20%
Ehtoja vastaavia visoja ei löytynyt
Tulosjakauma
Jokaisen tuloksen saaneiden osuus
Persentiili vastausten määrän mukaan
Tuloshistoriasi
Et ole pelannut tätä visaa